[Event "Naestved Unichess 1"]
[Site "Naestved"]
[Date "1996.10.13"]
[Round "2"]
[White "Rasmussen, Per Arnt"]
[Black "Chang, Johan"]
[Result "1/2-1/2"]
[WhiteElo "2037"]
[BlackElo "1963"]
[PlyCount "41"]
[EventDate "1996.10.12"]
[EventType "swiss"]
[EventRounds "5"]
[EventCountry "DEN"]
[SourceTitle "EXT 2023"]
[Source "ChessBase"]
[SourceDate "2022.10.05"]
[SourceVersion "1"]
[SourceVersionDate "2022.10.05"]
[SourceQuality "1"]

1. e4 e6 2. d4 d5 3. Nd2 c5 4. exd5 exd5 5. Bb5+ Bd7 6. Qe2+ Be7 7. dxc5 Nf6 8. Nb3 0-0 9. Be3 Re8 10. 0-0-0 a6 11. Bd3 Ba4 12. Qd2 Nbd7 13. Nf3 Bxb3 14. cxb3 Nxc5 15. Kb1 Nce4 16. Bxe4 dxe4 17. Qxd8 Rexd8 18. Ne5 Nd5 19. Bd4 f6 20. Nc4 b5 21. Nb6 1/2-1/2

[Event "Lovfalds op 10th"]
[Site "Ringsted"]
[Date "1996.09.21"]
[Round "3"]
[White "Chang, Johan"]
[Black "Askgaard, Jens"]
[Result "0-1"]
[WhiteElo "2027"]
[BlackElo "2011"]
[PlyCount "52"]
[EventDate "1996.09.20"]
[EventType "swiss"]
[EventRounds "5"]
[EventCountry "DEN"]
[SourceTitle "EXT 2018"]
[Source "ChessBase"]
[SourceDate "2017.10.13"]
[SourceVersion "1"]
[SourceVersionDate "2017.10.13"]
[SourceQuality "1"]

1. e4 e6 2. d4 d5 3. Nd2 c5 4. exd5 Qxd5 5. Ngf3 cxd4 6. Bc4 Qd6 7. 0-0 Nf6 8. Nb3 Nc6 9. Nbxd4 Nxd4 10. Nxd4 Bd7 11. c3 Be7 12. Qe2 0-0 13. Bg5 Rac8 14. Bb3 Qc5 15. Bh4 Rfd8 16. Rfe1 Kh8 17. Bc2 Bc6 18. Nxc6 Qxc6 19. Rad1 Qc7 20. Qe3 Ng4 21. Qh3 Bxh4 22. Qxh4 Nf6 23. g4 Qf4 24. h3 Rd2 25. Re3 g5 26. Qh6 Qxf2+ 0-1